000 00228nam a22000857a 4500
008 161205b xxu||||| |||| 00| 0 eng d
100 _91789
_aTanner.I.J.
245 _aLoneliness the Fear of Love
260 _aNewyork
_bHarper & Row
_c1973
999 _c4498
_d4498